000 00309nam a2200133Ia 4500
100 _aDorn/ William.S
942 _cBK
654 _aFortran
245 _aNumerical Methods With Fortran IV Case Studies
260 _bJohn Wiley & Sons
_aNEWYORK
_c1972
082 _a519.4
300 _a447
546 _aENGLISH
999 _c19210
_d19210